Rodrigo Facio ante el clasicismo y el marxismo

Guardado en:
Bibliografiske detaljer
Hovedforfatter: Molina Jiménez, Carlos
Format: Texto
Udgivet: Heredia: UNA. Departamento de Filosofía
Tags: Tilføj Tag
Ingen Tags, Vær først til at tagge denne postø!

MARC

LEADER 00000 a a2200000 04500
001 16544
003
040
090 |a 012100  
100 |a Molina Jiménez, Carlos  
245 |a Rodrigo Facio ante el clasicismo y el marxismo  
260 |a Heredia:   |b UNA. Departamento de Filosofía  
300 |a 17 p.  
999 |c 12417  |d 12417